01184nam a2200193Ia 4500001001100000003001000011008004100021040002500062041001300087100001200100245008900112250001100201260008800212300001200300500026400312501011400576520026400690650003600954L200-54708IT-CnALBA170116s9999||||xx |||||||||||||| ||und|| aIT-CnALBAcIT-CnALBA aITALIANO aAA. VV. 0aVIVI NELLO SPIRITO. APPUNTI PER UN CAMMINO VOCAZIONALE. SUSSIDIO EDUCATORI 1978-79.  a1a ed. aROMAbAVE, ANONIMA VERITA'S EDITRICEc1978 [1° Ed.:1978 - Ed.Ling.Originale: 1978] a242 p.  aNATI DALLO SPIRITO. CONDOTTI DALLO SPIRITO. LIBERTÀ E LIBERAZIONE. ALLA SCOPERTA DEL LIBRO DELLA STORIA. STARE INSIEME. SESSUALITÀ E IMPEGNO. PROGETTO E SPERANZA. SOFFERENZA MISTERO VITA. IL FIDANZAMENTO. LO SPIRITO DI VITA NELLA PAROLA. PREGHIERA DEI FAN aSocietà San Paolo EM - Piazza San Paolo, 14 - 12051 ALBA (CN) (non commercial uses only) ® Copyright 2017 aNATI DALLO SPIRITO. CONDOTTI DALLO SPIRITO. LIBERTÀ E LIBERAZIONE. ALLA SCOPERTA DEL LIBRO DELLA STORIA. STARE INSIEME. SESSUALITÀ E IMPEGNO. PROGETTO E SPERANZA. SOFFERENZA MISTERO VITA. IL FIDANZAMENTO. LO SPIRITO DI VITA NELLA PAROLA. PREGHIERA DEI FAN aRELIGIONE - RELIGIONE CRISTIANA